History Quiz

Random History or Politics Quiz
Score 0/31 Timer 06:00
0 Plays Today
# Person % Correct
32Barack Obama
96.5%
32George W. Bush
94.8%
22George H. W. Bush
94.7%
39Bill Clinton
94%
23Hillary Clinton
93.6%
27Donald Trump
92.5%
16John F. Kennedy
88.8%
46Ronald Reagan
88.7%
49Richard Nixon
88.2%
30Jimmy Carter
80.5%
10Fidel Castro
79.5%
21Gerald Ford
76.6%
14Mikhail Gorbachev
76.2%
11Mao Zedong
74.1%
13Franklin D. Roosevelt
73.6%
12Saddam Hussein
72.1%
# Person % Correct
12Joseph Stalin
71.8%
20Lyndon B. Johnson
70.7%
18Dwight D. Eisenhower
68.3%
15Pope John Paul II
67%
11Charles de Gaulle
50.4%
10Anwar Sadat
49.1%
23Jesus
48.3%
10Al Gore
41.2%
12Leonid Brezhnev
29.9%
12Nikita Khrushchev
28.5%
10John McCain
28%
14Henry Kissinger
15.2%
10Chiang Kai-shek
13.1%
10Mary
11.3%
10Nelson Rockefeller
3.9%
Remove Ads.
Support Sporcle.
Get the best of Sporcle when you Go Orange. This ad-free experience offers more features, more stats, and more fun while also helping to support Sporcle. Thank you for becoming a member.

You're not logged in!

Compare scores with friends on all Sporcle quizzes.
OR
Log In

Sporcle TV

Today on Sporcle TV


Watch our educational content, quiz creation guides, and fun videos on Sporcle TV.

Show Comments

Extras

Top Quizzes Today


Score Distribution

Paid Content

Your Account Isn't Verified!

In order to create a playlist on Sporcle, you need to verify the email address you used during registration. Go to your Sporcle Settings to finish the process.

Report this User

Report this user for behavior that violates our Community Guidelines.

Details: